000 00445nam a2200181Ia 4500
001 14761
005 20260306164938.0
008 260306t2012||||xx |||||||||||||| ||spa||
041 _aESP
082 _a519.2
_bJ67 2012
100 _aJohnson, Richard A.
_eAUT
245 0 _aProbabilidad y estadĂ­stica para ingenieros
260 _c2012
300 _a541 páginas :
_c26 cm.
650 _aGEN
654 _aCII
942 _cLIB
_dJUS
_fJUS
_2ddc
_n
999 _c14761
_d14761